Geografía de la argentina /
Guardado en:
| Autor Principal: | |
|---|---|
| Otros Autores: | , , , , |
| Formato: | Libro |
| Publicado: |
Buenos Aires :
Santillana,
2008
|
| Series: | Nuevamente
|
| Materias: | |
| Etiquetas: |
Agregar Etiqueta
Sin Etiquetas, Sea el primero en etiquetar este registro!
|
| LEADER | 01691nam a22003135a 4500 | ||
|---|---|---|---|
| 001 | CEM.cems012993 | ||
| 005 | 20081015120555.0 | ||
| 008 | 130507s2008##################000#0#####d | ||
| 003 | CEMS | ||
| 020 | |a 9789504619055 | ||
| 082 | 0 | 4 | |a Z918.2 |
| 100 | 1 | |a Arzeno, Mariana B. | |
| 245 | 1 | 0 | |a Geografía de la argentina / |c Mariana B. Arzeno ... [et Al.] |
| 260 | |a Buenos Aires : |b Santillana, |c 2008 | ||
| 300 | |a 208 p. | ||
| 490 | 0 | |a Nuevamente | |
| 500 | |a Para nivel Educación Secundaria Básica | ||
| 505 | 0 | |a El proceso de formación del territorio argentino -- La organización política del territorio -- Los grandes conjuntos de relieve -- Una diversidad de climas -- Ríos, lagos y biomas -- La población que vive en Argentina -- Los asentamientos y las etapas de poblamiento -- La formación del AMBA -- Condiciones de vida en la Argentina -- Problemas ambientales en la Argentina -- La formación de la economía nacional -- El trabajo y sus problemáticas -- Producción agraria y agroindustrial -- Actividad forestal, minería, caza y pesca -- La producción de energía -- Evolución industrial en la Argentina -- Transporte y comunicaciones -- El turismo | |
| 653 | |a Geografía de la argentina | ||
| 653 | |a Argentina-geografía | ||
| 653 | |a Geografía-educación secundaria básica | ||
| 700 | 1 | |a Calcagno, Natalia | |
| 700 | 1 | |a Castro, Hortensia | |
| 700 | 1 | |a García, Patricia A. | |
| 700 | 1 | |a Minvielle, Sandra E. | |
| 700 | 1 | |a Troncoso, Claudia A. | |
| 859 | |a CEMS |b BIB. CEMS - 11 de abril |h Z918.2 |i Ar89 |p 25344.08 |t Ej.1 | ||
| 859 | |a CEMS |b BIB. CEMS - 11 de abril |h Z918.2 |i Ar89 |p 25345.08 |t Ej.2 | ||
| 859 | |a CEMS |b BIB. CEMS - 11 de abril |h Z918.2 |i Ar89 |p 25346.08 |t Ej.3 | ||
